Buying the War (Record no. 333529)
[ view plain ]
| 000 -LEADER | |
|---|---|
| fixed length control field | 00475nam a2200097Ia 4500 |
| 008 - FIXED-LENGTH DATA ELEMENTS--GENERAL INFORMATION | |
| fixed length control field | 170517s9999 xx 000 0 und d |
| 245 ## - TITLE STATEMENT | |
| Title | Buying the War |
| 300 ## - PHYSICAL DESCRIPTION | |
| Extent | Over a decade ago Bush administration forced the United States into a war so poorly prepared and executed it soon turned into a complete catastrophe. The fact of how the bureaucrats misled the country has been already expressed, but... |
| 650 ## - SUBJECT ADDED ENTRY--TOPICAL TERM | |
| General subdivision | Media. |
| 856 ## - ELECTRONIC LOCATION AND ACCESS | |
| Uniform Resource Identifier | <a href="http://topdocumentaryfilms.com/buying-war/">http://topdocumentaryfilms.com/buying-war/</a> |
| Withdrawn status | Lost status | Damaged status | Home library | Current library | Date acquired | Total Checkouts | Date last seen | Price effective from | Koha item type |
|---|---|---|---|---|---|---|---|---|---|
| College Library | College Library | 05/17/2017 | 05/17/2017 | 05/17/2017 | Documentary Films |